| 000 | 00974nam a2200253 a 4500 | ||
|---|---|---|---|
| 001 | 000026528 | ||
| 005 | 20240319114520.0 | ||
| 008 | 100407s2003 dr abc 000 0 spa d | ||
| 040 |
_aDO-SdBNP _bspa _cBNPHU |
||
| 082 |
_a972.9373 _bP427 |
||
| 245 | 1 | 0 |
_aPeravia / _ccoordinación general Dario Tejeda. |
| 260 |
_a[Santo Domingo] : _bBanreservas, _c2003. |
||
| 300 |
_a95 p. : _bil., map., retrs. ; _c26 cm. |
||
| 490 | 1 | _aFragmentos de patria | |
| 504 | _aBibliografía : p. 94-95 | ||
| 650 | 4 |
_aCiudades y pueblos _zRepública Dominicana _9784 |
|
| 651 | 4 |
_aPerávia (República Dominicana{Rpara} _xHistoria Local _953616 |
|
| 651 | 4 |
_aPerávia (República Dominicana{Rpara} _xDescripciones Y Viajes _953617 |
|
| 651 | 4 |
_aPerávia (República Dominicana{Rpara} _xVida Social Y Costumbres _953618 |
|
| 651 | 4 |
_aPerávia _xBiografías _953619 |
|
| 700 | 1 | 2 |
_aTejeda, Darío _ecoord. _92540 |
| 830 | 0 |
_aFragmentos de patria _944949 |
|
| 910 | _aValidado. Control de calidad MFF | ||
| 999 |
_c26020 _d26020 |
||